000 00793nam a2200229 a 4500
005 20240925064708.0
008 020513m20012008mx r 000 0 spa d
020 _a9788420638935
035 _aUPN01000176155
049 _aCG
050 4 _aHM291
_bF6.88 2001
100 1 _aFoucault, Michel,
_d1926-1984
245 1 3 _aUn diálogo sobre el poder y otras conversaciones /
_cMichel Foucault ; introd y tr. de Miguel Morey.
250 _aNueva ed.
260 _aMadrid :
_bAlianza :
_bMateriales,
_c2001 (2008 impr.).
300 _a175 p.
440 3 _aEl libro de bolsillo ;
_v4428.
_pHumanidades.
_pFilosofía
590 _a(También localizas un ejemplar en el "Area de Reserva")
590 _aBibliografía Básica (BGTQ)
650 4 _aPoder (Ciencias sociales)
_91203
905 _aLibro
999 _c148258
_d148258